C01_直鎖の飽和炭化水素(直鎖状アルカン)の名称 - Statistics

General Stats
  • This quiz has been taken 54 times
  • The average score is 15 of 30
Answer Stats
炭素原子の数 Answer % Correct
2 エタン
100%
4 ブタン
100%
1 メタン
98%
3 プロパン
98%
8 オクタン
98%
5 ペンタン
94%
6 ヘキサン
94%
10 デカン
92%
9 ノナン
80%
7 ヘプタン
73%
12 ドデカン
55%
11 ウンデカン
51%
13 トリデカン
49%
15 ペンタデカン
47%
18 オクタデカン
47%
16 ヘキサデカン
45%
19 ノナデカン
45%
17 ヘプタデカン
43%
14 テトラデカン
35%
20 エイコサン(イコサン)
16%
22 ドコサン
14%
23 トリコサン
14%
24 テトラコサン
12%
25 ペンタコサン
10%
26 ヘキサコサン
10%
27 ヘプタコサン
10%
28 オクタコサン
10%
29 ノナコサン
10%
21 ヘンエイコサン(ヘンイコサン)
8%
30 トリアコンタン
4%
No matching quizzes found
Score Distribution
Percent of People with Each Score
Percentile by Number Answered
Your Score History
You have not taken this quiz